| 000 | 00427nam a2200169Ia 4500 | ||
|---|---|---|---|
| 008 | 121019t1968 xxu||||| |||| 00| 0 sin d | ||
| 041 | _asin | ||
| 080 |
_a8 S - 31 _bRAT |
||
| 100 | _aRathnayaka, Madawala S. | ||
| 245 | _aඅම්බලම් පාළුවෝ | ||
| 246 | _aAmbalam Paluwo | ||
| 260 |
_b _c1968 |
||
| 300 | _a224p., 18 cm | ||
| 942 | _cBK | ||
| 999 |
_c69816 _d69816 |
||
| 003 | LK-CoDNM | ||
| 040 |
_aLK-CoDNM _dLK-CoDNM _eLK-CoDNM |
||